[Event "2015 Calgary Invitational"]
[Site "Calgary"]
[Date "2015.10.29"]
[Round "1"]
[White "Kazmaier, Daniel"]
[Black "Langer, Michael"]
[Result "1-0"]
[WhiteElo "2220"]
[BlackElo "2190"]
[PlyCount "65"]
[EventDate "2015.10.29"]
[EventType "tourn"]
[EventRounds "9"]
[EventCountry "CAN"]

1. d4 Nf6 2. Bg5 Ne4 3. Bf4 d5 4. f3 Nf6 5. c4 c5 6. e3 cxd4 7. exd4 Nc6 8. Nc3
e6 9. c5 Nh5 10. Be3 Be7 11. Bb5 Bg5 12. Bf2 O-O 13. Nge2 Qc7 14. h4 Bf4 15.
Nxf4 Nxf4 16. O-O Nh5 17. f4 Nf6 18. Bg3 b6 19. Bxc6 Qxc6 20. b4 bxc5 21. bxc5
Rb8 22. f5 Rb4 23. Bd6 Re8 24. Qd2 exf5 25. Ne4 Qb5 26. Nxf6+ gxf6 27. Rae1 Re4
28. Qh6 Qe8 29. Rxe4 dxe4 30. Qxf6 Qe6 31. Qg5+ Qg6 32. Qd8+ Kg7 33. Bf8+ 1-0

[Event "2015 Calgary Invitational"]
[Site "Calgary"]
[Date "2015.10.29"]
[Round "1"]
[White "Ng, Gary"]
[Black "Sevillano, Enrico"]
[Result "0-1"]
[WhiteElo "2182"]
[BlackElo "2463"]
[PlyCount "174"]
[EventDate "2015.10.29"]
[EventType "tourn"]
[EventRounds "9"]
[EventCountry "CAN"]

1. Nf3 d5 2. c4 c6 3. g3 dxc4 4. a4 Nf6 5. Na3 Be6 6. Bg2 Bd5 7. Qc2 e5 8. Nxc4
e4 9. Nh4 Na6 10. O-O Nb4 11. Qc3 Be6 12. Ne3 Qd7 13. f3 Nfd5 14. Nxd5 cxd5 15.
fxe4 d4 16. Qf3 Nc2 17. Rb1 Ba2 18. b3 Bxb1 19. Bb2 Ba3 20. Rxb1 Bxb2 21. Rxb2
Nb4 22. e5 O-O 23. Qxb7 Qxb7 24. Bxb7 Rad8 25. d3 Rd7 26. Be4 Rc8 27. Kf2 Rc1
28. Ng2 Rc5 29. Ne1 Rxe5 30. Nc2 Nxc2 31. Rxc2 f5 32. Bf3 a5 33. b4 axb4 34.
Rb2 Kf7 35. Rxb4 Ke7 36. Bc6 Rd6 37. Rb7+ Kf6 38. Bf3 Ra5 39. Rb4 Ke5 40. Rb7
Kf6 41. Rb4 g5 42. h3 Ke5 43. g4 fxg4 44. hxg4 Rda6 45. Bb7 Rxa4 46. Rb5+ Kf4
47. Bf3 R4a5 48. Rb8 Ke5 49. Rh8 h6 50. Re8+ Re6 51. Rd8 Rd6 52. Re8+ Kf6 53.
Rh8 Ke7 54. Rh7+ Kd8 55. Kg3 Raa6 56. Be4 Rd7 57. Rh8+ Kc7 58. Bf3 Rdd6 59.
Rh7+ Kb6 60. Rb7+ Kc5 61. Rb8 Rab6 62. Rc8+ Kb4 63. Rc4+ Kb3 64. Kf2 Ka3 65.
Kg3 Rb2 66. Kf2 Kb3 67. Rc8 Rc2 68. Rb8+ Kc3 69. Ra8 Kd2 70. Ra4 Kc3 71. Ra8
Rf6 72. Rc8+ Kd2 73. Rh8 Rc1 74. Kg3 Rg1+ 75. Kh2 Re1 76. Rd8 Rxf3 77. exf3
Kxd3 78. Kg3 Re6 79. f4 Re3+ 80. Kf2 gxf4 81. Rd6 Rh3 82. Rf6 f3 83. Rc6 Ke4
84. Re6+ Kf4 85. Rd6 Rh2+ 86. Ke1 Kg3 87. Rxd4 Rh1+ 0-1

[Event "2015 Calgary Invitational"]
[Site "Calgary"]
[Date "2015.10.29"]
[Round "1"]
[White "Shi, Diwen"]
[Black "Findlay, Ian"]
[Result "1-0"]
[WhiteElo "2151"]
[BlackElo "2293"]
[PlyCount "75"]
[EventDate "2015.10.29"]
[EventType "tourn"]
[EventRounds "9"]
[EventCountry "CAN"]

1. e4 c5 2. Nf3 d6 3. d4 cxd4 4. Nxd4 Nf6 5. Nc3 g6 6. Be3 Bg7 7. f3 O-O 8. Qd2
Nc6 9. O-O-O d5 10. Qe1 e6 11. h4 Qc7 12. h5 Nxh5 13. g4 Ng3 14. Rh3 Nxf1 15.
Qxf1 Bd7 16. Qf2 h6 17. Ndb5 Qe5 18. exd5 exd5 19. Rxd5 Qe7 20. Bc5 Qe8 21. Nc7
Qc8 22. Nxa8 Be6 23. Bxf8 Bxf8 24. Rd1 Qxa8 25. Nd5 Qc8 26. Nf6+ Kg7 27. Nd5
Kg8 28. Kb1 Bg7 29. Qc5 Kh7 30. Rhh1 Bxd5 31. Qxd5 Nb4 32. Qb3 a5 33. a3 Nc6
34. Qxf7 Ne5 35. Rxh6+ Kxh6 36. Rh1+ Kg5 37. Qxg7 Nxf3 38. Qh6+ 1-0

[Event "2015 Calgary Invitational"]
[Site "Calgary"]
[Date "2015.10.29"]
[Round "1"]
[White "Wang, Jeff"]
[Black "Bakre, Tejas"]
[Result "0-1"]
[WhiteElo "1746"]
[BlackElo "2438"]
[PlyCount "64"]
[EventDate "2015.10.29"]
[EventType "tourn"]
[EventRounds "9"]
[EventCountry "CAN"]

1. e4 c5 2. Nf3 d6 3. d4 cxd4 4. Nxd4 Nf6 5. Nc3 Nc6 6. Bg5 e6 7. Qd2 a6 8.
O-O-O Bd7 9. f4 b5 10. Bxf6 gxf6 11. f5 h5 12. Kb1 Qb6 13. Nxc6 Bxc6 14. Bd3 b4
15. Ne2 e5 16. Rhf1 a5 17. Rf3 Rd8 18. c4 h4 19. Rh3 Bh6 20. Qe1 Bg5 21. Ng1
Ke7 22. Nf3 Rdg8 23. Nxg5 Rxg5 24. g3 a4 25. Qf1 a3 26. gxh4 Rg4 27. Qe2 Rhxh4
28. Rxh4 Rxh4 29. b3 Qd4 30. Rd2 Rxe4 31. Qf2 Re3 32. Bf1 Be4+ 0-1

[Event "2015 Calgary Invitational"]
[Site "Calgary"]
[Date "2015.10.30"]
[Round "2"]
[White "Findlay, Ian"]
[Black "Wang, Jeff"]
[Result "1-0"]
[WhiteElo "2293"]
[BlackElo "1746"]
[PlyCount "77"]
[EventDate "2015.10.29"]
[EventType "tourn"]
[EventRounds "9"]
[EventCountry "CAN"]

1. e4 c5 2. Nf3 d6 3. d4 cxd4 4. Nxd4 Nf6 5. Nc3 g6 6. Be3 Bg7 7. f3 O-O 8. Qd2
Nc6 9. O-O-O d5 10. exd5 Nxd5 11. Nxc6 bxc6 12. Bd4 e5 13. Bc5 Be6 14. Ne4 Re8
15. h4 h6 16. Bc4 f5 17. Nd6 Re7 18. Bb3 Rd7 19. Nc4 Kh7 20. Qe1 Qc7 21. Qa5
Qb8 22. Rhe1 e4 23. fxe4 Qf4+ 24. Qd2 Qxd2+ 25. Nxd2 fxe4 26. Nxe4 Bg4 27. Rd2
Re8 28. Ng5+ hxg5 29. Rxe8 Rf7 30. Rf2 Rd7 31. hxg5 Nf6 32. Re1 Ne4 33. Rf4
Nxc5 34. Rxg4 Bd4 35. Kb1 Bf2 36. Rf1 Nxb3 37. axb3 Be3 38. Re1 Bb6 39. Re6 1-0

[Event "2015 Calgary Invitational"]
[Site "Calgary"]
[Date "2015.10.30"]
[Round "2"]
[White "Haessel, Dale"]
[Black "Kazmaier, Daniel"]
[Result "1-0"]
[WhiteElo "2195"]
[BlackElo "2220"]
[PlyCount "108"]
[EventDate "2015.10.29"]
[EventType "tourn"]
[EventRounds "9"]
[EventCountry "CAN"]

1. d4 f5 2. g3 Nf6 3. Bg2 e6 4. c4 c6 5. Nh3 d6 6. Nc3 Be7 7. O-O O-O 8. Qc2 e5
9. dxe5 dxe5 10. e4 Qe8 11. exf5 Qh5 12. Ng5 Ng4 13. h3 Bxg5 14. hxg4 Qxg4 15.
Bxg5 Qxg5 16. Ne4 Qxf5 17. Qb3 Qe6 18. Rad1 Nd7 19. Rd6 Qf7 20. Qc3 Qe7 21.
Rfd1 Nb6 22. b3 Bg4 23. R1d2 Rae8 24. Qa5 Nc8 25. R6d3 Bf5 26. c5 Qf7 27. Qc3
Qg6 28. Re3 Qf7 29. Rde2 Re7 30. Nd2 Bg4 31. f3 Bh5 32. Rxe5 Qf6 33. R2e3 Bg6
34. f4 Rxe5 35. Rxe5 Rd8 36. Kf2 Ne7 37. Ne4 Bxe4 38. Bxe4 Ng6 39. Bxg6 Qxg6
40. Qc4+ Kh8 41. Qe2 h6 42. Re6 Qf5 43. Re8+ Rxe8 44. Qxe8+ Kh7 45. Qe7 b6 46.
cxb6 axb6 47. Ke3 h5 48. Qe4 Qg6 49. Kd4 c5+ 50. Kd5 Qxe4+ 51. Kxe4 Kg6 52. a4
Kf6 53. Kd5 g5 54. fxg5+ Kxg5 1-0

[Event "2015 Calgary Invitational"]
[Site "Calgary"]
[Date "2015.10.30"]
[Round "2"]
[White "Kavutskiy, Kostya"]
[Black "Bakre, Tejas"]
[Result "0-1"]
[WhiteElo "2349"]
[BlackElo "2438"]
[PlyCount "86"]
[EventDate "2015.10.29"]
[EventType "tourn"]
[EventRounds "9"]
[EventCountry "CAN"]

1. d4 d5 2. c4 c6 3. Nf3 Nf6 4. e3 Bf5 5. Nc3 e6 6. Nh4 Bg6 7. Nxg6 hxg6 8. Bd3
Nbd7 9. O-O Bd6 10. h3 Qe7 11. c5 Bc7 12. f4 Nh5 13. Qf3 f5 14. b4 Nhf6 15. Qg3
Kf7 16. b5 Ba5 17. Bd2 Bxc3 18. Bxc3 Ne4 19. Qe1 g5 20. Bxe4 dxe4 21. Qg3 gxf4
22. Qxf4 Nf6 23. Be1 cxb5 24. Rb1 Qd7 25. Rb3 Rac8 26. Bg3 b6 27. cxb6 axb6 28.
Qe5 Qd5 29. Rxb5 Qxe5 30. Bxe5 Nd5 31. Rb3 Ra8 32. Rf2 Rhc8 33. g4 g6 34. gxf5
exf5 35. h4 Rc1+ 36. Kg2 Ra1 37. h5 R8xa2 38. h6 Rxf2+ 39. Kxf2 Rh1 40. Bg7 g5
41. Kg2 Ra1 42. Rb5 Ra5 43. Rb3 Kg6 0-1

[Event "2015 Calgary Invitational"]
[Site "Calgary"]
[Date "2015.10.30"]
[Round "2"]
[White "Langer, Michael"]
[Black "Ng, Gary"]
[Result "1/2-1/2"]
[WhiteElo "2190"]
[BlackElo "2182"]
[PlyCount "79"]
[EventDate "2015.10.29"]
[EventType "tourn"]
[EventRounds "9"]
[EventCountry "CAN"]

1. e4 c6 2. c4 d5 3. cxd5 cxd5 4. exd5 Nf6 5. Qa4+ Nbd7 6. Nc3 g6 7. Bc4 Bg7 8.
Nf3 O-O 9. d3 a6 10. Qa3 b6 11. O-O Bb7 12. Re1 Re8 13. Bd2 Rc8 14. b4 b5 15.
Bb3 Nb6 16. Rad1 Nbxd5 17. Ne4 Qb6 18. Rc1 Red8 19. Nc5 e6 20. Ne5 Rd6 21. Nxb7
Qxb7 22. Rxc8+ Qxc8 23. Qa5 Nh5 24. Bxd5 Rxd5 25. Rc1 Qa8 26. Nc6 Bf8 27. d4
Ng7 28. Bh6 Bd6 29. Qb6 Nf5 30. Bg5 Nxd4 31. Nxd4 Rxg5 32. Nc6 Bxb4 33. h4 Rg4
34. Rd1 Ba5 35. Qc5 Rc4 36. Ne7+ Kg7 37. Qe5+ Kh6 38. Qg5+ Kg7 39. Qe5+ Kh6 40.
Qg5+ 1/2-1/2

[Event "2015 Calgary Invitational"]
[Site "Calgary"]
[Date "2015.10.30"]
[Round "2"]
[White "Sevillano, Enrico"]
[Black "Shi, Diwen"]
[Result "1/2-1/2"]
[WhiteElo "2438"]
[BlackElo "2151"]
[PlyCount "62"]
[EventDate "2015.10.29"]
[EventType "tourn"]
[EventRounds "9"]
[EventCountry "CAN"]

1. e4 c5 2. c3 d5 3. exd5 Qxd5 4. Nf3 Bf5 5. Na3 Nc6 6. Bc4 Qd7 7. O-O e6 8.
Bb5 Bd6 9. Nc4 Nge7 10. d4 Rd8 11. Be3 cxd4 12. Nxd4 Bb8 13. Nxf5 Nxf5 14.
Qxd7+ Kxd7 15. Bxc6+ Kxc6 16. Bxa7 Bxa7 17. Ne5+ Kd6 18. Nxf7+ Ke7 19. Nxd8
Rxd8 20. Rad1 Rf8 21. Rd2 Nd6 22. Re1 Nc4 23. Rde2 Ne5 24. Rd1 Rf5 25. h3 h5
26. Kf1 h4 27. Rdd2 Nc4 28. Rd3 Ne5 29. Rdd2 Nc4 30. Rd3 Ne5 31. Rdd2 Nc4
1/2-1/2

[Event "2015 Calgary Invitational"]
[Site "Calgary"]
[Date "2015.10.31"]
[Round "3"]
[White "Bakre, Tejas"]
[Black "Findlay, Ian"]
[Result "1-0"]
[WhiteElo "2438"]
[BlackElo "2293"]
[PlyCount "87"]
[EventDate "2015.10.29"]
[EventType "tourn"]
[EventRounds "9"]
[EventCountry "CAN"]

1. Nf3 Nf6 2. c4 e6 3. Nc3 d5 4. d4 Be7 5. Bf4 c5 6. dxc5 Qa5 7. Qd2 Qxc5 8.
cxd5 exd5 9. e3 Nc6 10. Nb5 O-O 11. Rc1 Qb4 12. a3 Qxd2+ 13. Nxd2 Bf5 14. Nb3
Rfd8 15. Be2 Ne4 16. f3 Nd6 17. Nc7 Rac8 18. Nxd5 Bf8 19. Kf2 Be6 20. Rhd1 h6
21. e4 g5 22. Be3 f5 23. Nc5 Bf7 24. Nf6+ Kg7 25. Nfd7 fxe4 26. Nxf8 Kxf8 27.
Nxe4 Nxe4+ 28. fxe4 Bg6 29. Bg4 Rxd1 30. Bxc8 Rxc1 31. Bxc1 Ne5 32. Ke3 b6 33.
b3 Ke7 34. a4 Bf7 35. Kd4 Nc6+ 36. Kc3 Kd6 37. Ba3+ Ke5 38. Bf5 h5 39. Bf8 Na5
40. Bg7+ Kf4 41. b4 Nc4 42. Kd4 Bg8 43. Bc8 h4 44. Ba6 1-0

[Event "2015 Calgary Invitational"]
[Site "Calgary"]
[Date "2015.10.31"]
[Round "3"]
[White "Kazmaier, Daniel"]
[Black "Kavutskiy, Kostya"]
[Result "0-1"]
[WhiteElo "2220"]
[BlackElo "2349"]
[PlyCount "88"]
[EventDate "2015.10.29"]
[EventType "tourn"]
[EventRounds "9"]
[EventCountry "CAN"]

1. d4 Nf6 2. c4 g6 3. Nc3 Bg7 4. e4 d6 5. Be2 O-O 6. Bg5 c5 7. d5 e6 8. Qd2
exd5 9. exd5 Bf5 10. g4 Bc8 11. h4 Qe8 12. f3 a6 13. O-O-O b5 14. cxb5 Nbd7 15.
h5 axb5 16. Bxb5 Ba6 17. Bc6 Rb8 18. Re1 Qd8 19. Bxd7 Qxd7 20. hxg6 fxg6 21.
Nh3 Rb4 22. Nf4 Rfb8 23. Rh2 Qf7 24. Ne6 Bh8 25. Nd1 Bc4 26. Ne3 Qa7 27. a3 Ra4
28. Bxf6 Bxf6 29. Kd1 Rxa3 30. Nxc4 Qa4+ 31. Qc2 Ra1+ 32. Kd2 Qb4+ 33. Kd3 Qxe1
34. Re2 Rd1+ 35. Ke4 Qg1 36. Kf4 Rc1 37. Qd3 Rxc4+ 38. Qxc4 Rb4 39. Qxb4 cxb4
40. Rc2 Be5+ 41. Kg5 Qe3+ 42. f4 Bxf4+ 43. Kf6 Bg5+ 44. Nxg5 Qe5# 0-1

[Event "2015 Calgary Invitational"]
[Site "Calgary"]
[Date "2015.10.31"]
[Round "3"]
[White "Ng, Gary"]
[Black "Haessel, Dale"]
[Result "1-0"]
[WhiteElo "2182"]
[BlackElo "2195"]
[PlyCount "37"]
[EventDate "2015.10.29"]
[EventType "tourn"]
[EventRounds "9"]
[EventCountry "CAN"]

1. Nf3 Nf6 2. c4 c5 3. Nc3 d5 4. cxd5 Nxd5 5. d4 cxd4 6. Qxd4 Nxc3 7. Qxc3 Nc6
8. e4 Bg4 9. Bb5 Rc8 10. O-O a6 11. Ne5 Bd7 12. Bxc6 Bxc6 13. Qf3 f6 14. Qh5+
g6 15. Nxg6 hxg6 16. Qxh8 Bxe4 17. Bh6 Kf7 18. Qh7+ Ke6 19. Rfe1 1-0

[Event "2015 Calgary Invitational"]
[Site "Calgary"]
[Date "2015.10.31"]
[Round "3"]
[White "Shi, Diwen"]
[Black "Langer, Michael"]
[Result "0-1"]
[WhiteElo "2151"]
[BlackElo "2190"]
[PlyCount "100"]
[EventDate "2015.10.29"]
[EventType "tourn"]
[EventRounds "9"]
[EventCountry "CAN"]

1. e4 c5 2. Nf3 d6 3. d4 cxd4 4. Nxd4 Nf6 5. Nc3 a6 6. Bg5 Nbd7 7. Qd2 b5 8. a3
Bb7 9. f3 e6 10. O-O-O Be7 11. h4 Rc8 12. Kb1 Ne5 13. f4 Nc4 14. Bxc4 Rxc4 15.
Qd3 h6 16. Bxf6 Bxf6 17. Ndxb5 axb5 18. Nxb5 d5 19. Qxc4 dxc4 20. Rxd8+ Kxd8
21. Nd6 Kc7 22. e5 Be7 23. Nxc4 Rd8 24. Rh3 Rd1+ 25. Ka2 Rd4 26. Rc3 Bd5 27. b3
Bxc4 28. g3 h5 29. bxc4 Bc5 30. Kb3 Rd1 31. Ka4 Kc6 32. Rf3 Rb1 33. f5 Rb8 34.
c3 Ra8+ 35. Kb3 Rxa3+ 36. Kb2 Ra7 37. fxe6 fxe6 38. g4 hxg4 39. Rg3 Rf7 40.
Rxg4 Bf8 41. Rd4 Rf5 42. Rd8 Be7 43. Re8 Kd7 44. Rg8 Bf8 45. Kb3 Ke8 46. Rh8
Rxe5 47. Ka4 Kf7 48. h5 Rc5 49. Kb3 e5 50. Kb4 e4 0-1

[Event "2015 Calgary Invitational"]
[Site "Calgary"]
[Date "2015.10.31"]
[Round "3"]
[White "Wang, Jeff"]
[Black "Sevillano, Enrico"]
[Result "0-1"]
[WhiteElo "1746"]
[BlackElo "2463"]
[PlyCount "86"]
[EventDate "2015.10.29"]
[EventType "tourn"]
[EventRounds "9"]
[EventCountry "CAN"]

1. e4 g6 2. d4 c6 3. c4 Bg7 4. Nc3 d6 5. Be3 Nf6 6. f3 a6 7. Nge2 b5 8. cxb5
axb5 9. b4 O-O 10. Nc1 Na6 11. Rb1 Be6 12. Be2 Nd7 13. Qd2 Nb6 14. O-O Nc4 15.
Bxc4 Bxc4 16. Rf2 f5 17. Nd3 Nc7 18. Rd1 Ra3 19. Nc1 f4 20. Bxf4 Rxc3 21. Qxc3
Rxf4 22. a4 Ne6 23. Nb3 Qb6 24. a5 Qa7 25. Qe3 Rf7 26. Kh1 Bxb3 27. Qxb3 Nxd4
28. Qa2 c5 29. bxc5 dxc5 30. Qd5 e6 31. Qd8+ Rf8 32. Qd6 Ra8 33. Ra2 Bf8 34.
Qe5 Qg7 35. Qg5 Ra6 36. Qd8 b4 37. Qc8 Qa7 38. h3 Rxa5 39. Rxd4 Rxa2 40. Rd8
Qf7 41. Rd7 Ra1+ 42. Kh2 Qf4+ 43. g3 Ra2+ 0-1

[Event "2015 Calgary Invitational"]
[Site "Calgary"]
[Date "2015.10.31"]
[Round "4"]
[White "Haessel, Dale"]
[Black "Shi, Diwen"]
[Result "1/2-1/2"]
[WhiteElo "2195"]
[BlackElo "2151"]
[PlyCount "76"]
[EventDate "2015.10.29"]
[EventType "tourn"]
[EventRounds "9"]
[EventCountry "CAN"]

1. d4 Nf6 2. c4 e6 3. Nf3 Nc6 4. Nc3 Bb4 5. Qc2 d6 6. Bd2 e5 7. d5 Bxc3 8. Bxc3
Ne7 9. e4 Nh5 10. g3 f5 11. exf5 Bxf5 12. Bd3 Bxd3 13. Qxd3 h6 14. Nd2 Qd7 15.
Ne4 O-O 16. O-O-O Qg4 17. f4 exf4 18. h3 Qg6 19. g4 Ng3 20. Nxg3 Qxd3 21. Rxd3
fxg3 22. Rxg3 Ng6 23. Re1 Rae8 24. Rge3 Rxe3 25. Rxe3 Rf1+ 26. Kd2 Kf7 27. Ke2
Rh1 28. Rf3+ Kg8 29. Kf2 Rh2+ 30. Kg3 Re2 31. Rf2 Re4 32. b3 Re3+ 33. Rf3 Re2
34. Rf2 Re3+ 35. Rf3 Re2 36. a4 Ne5 37. Bxe5 Rxe5 38. h4 g6 1/2-1/2

[Event "2015 Calgary Invitational"]
[Site "Calgary"]
[Date "2015.10.31"]
[Round "4"]
[White "Kavutskiy, Kostya"]
[Black "Findlay, Ian"]
[Result "1-0"]
[WhiteElo "2349"]
[BlackElo "2293"]
[PlyCount "85"]
[EventDate "2015.10.29"]
[EventType "tourn"]
[EventRounds "9"]
[EventCountry "CAN"]

1. d4 Nf6 2. c4 e6 3. Nf3 d5 4. Nc3 Be7 5. Bf4 c5 6. dxc5 Qa5 7. Bd6 Ne4 8.
Bxe7 Nxc3 9. Qd2 Kxe7 10. cxd5 exd5 11. Rc1 Be6 12. Rxc3 Nd7 13. a3 Rhc8 14. b4
Qa4 15. e4 Nf6 16. Nd4 Nxe4 17. Bb5 Nxd2 18. Kxd2 a5 19. Bxa4 axb4 20. axb4
Rxa4 21. Rb1 Ra2+ 22. Ke3 Rca8 23. h4 Kf6 24. b5 Re8 25. Kf3 Ra4 26. Rd1 Bc8
27. Re3 Rxe3+ 28. fxe3 Rc4 29. c6 bxc6 30. bxc6 Bf5 31. Ra1 Be4+ 32. Kf2 h6 33.
g4 g5 34. h5 Ke5 35. Ra6 Rc1 36. Ra7 f5 37. Re7+ Kf6 38. Re6+ Kf7 39. gxf5 Bxf5
40. Rxh6 Be4 41. Rd6 g4 42. Rd7+ Kf6 43. h6 1-0

[Event "2015 Calgary Invitational"]
[Site "Calgary"]
[Date "2015.10.31"]
[Round "4"]
[White "Kazmaier, Daniel"]
[Black "Ng, Gary"]
[Result "1-0"]
[WhiteElo "2220"]
[BlackElo "2182"]
[PlyCount "43"]
[EventDate "2015.10.29"]
[EventType "tourn"]
[EventRounds "9"]
[EventCountry "CAN"]

1. e4 c6 2. d4 d5 3. e5 c5 4. c3 Nc6 5. Nf3 Bg4 6. dxc5 e6 7. Bb5 Bxc5 8. Bxc6+
bxc6 9. Qa4 Bxf3 10. Qxc6+ Qd7 11. Qxa8+ Ke7 12. gxf3 Qc7 13. Be3 Bxe3 14. fxe3
Qb6 15. Nd2 Nh6 16. Qxh8 Qxe3+ 17. Kd1 Nf5 18. Qb8 Qd3 19. Qxa7+ Ke8 20. Re1 d4
21. cxd4 Nxd4 22. Rc1 1-0

[Event "2015 Calgary Invitational"]
[Site "Calgary"]
[Date "2015.10.31"]
[Round "4"]
[White "Langer, Michael"]
[Black "Wang, Jeff"]
[Result "1-0"]
[WhiteElo "2190"]
[BlackElo "1746"]
[PlyCount "117"]
[EventDate "2015.10.29"]
[EventType "tourn"]
[EventRounds "9"]
[EventCountry "CAN"]

1. e4 c5 2. Nf3 d6 3. d4 cxd4 4. Nxd4 Nf6 5. Nc3 g6 6. Be3 Bg7 7. f3 O-O 8. Qd2
Nc6 9. Bc4 Bd7 10. O-O-O Rc8 11. Bb3 Ne5 12. Kb1 Nc4 13. Bxc4 Rxc4 14. g4 b5
15. b3 Rc5 16. Ne6 Bxe6 17. Bxc5 a5 18. Bd4 a4 19. Nxb5 axb3 20. axb3 Qa8 21.
Kb2 Qc6 22. c4 Rb8 23. Qc3 d5 24. cxd5 Qxb5 25. dxe6 fxe6 26. g5 Qxg5 27. Rd2
Qb5 28. Ra1 Kf7 29. Ra5 Qb7 30. Rc5 Bh6 31. Rc2 Bf4 32. Ra5 Nd7 33. Ra7 Qb5 34.
Ra5 Qb7 35. Qc4 Nf8 36. Ra7 Qb5 37. Qxb5 Rxb5 38. Bc5 Bxh2 39. Bxe7 Bb8 40.
Rcc7 Bxc7 41. Rxc7 h5 42. Ba3+ Kg8 43. Rc8 h4 44. Bxf8 h3 45. Bd6+ Kg7 46. Rc7+
Kg8 47. Rc2 Rg5 48. Rh2 Rh5 49. Kc3 Kf7 50. Kd4 Ke8 51. e5 Kd7 52. Kc5 Kc8 53.
Kc6 Kd8 54. b4 Rh4 55. b5 Rc4+ 56. Bc5 Rh4 57. b6 Kc8 58. b7+ Kb8 59. Bd6+ 1-0

[Event "2015 Calgary Invitational"]
[Site "Calgary"]
[Date "2015.10.31"]
[Round "4"]
[White "Sevillano, Enrico"]
[Black "Bakre, Tejas"]
[Result "1/2-1/2"]
[WhiteElo "2463"]
[BlackElo "2438"]
[PlyCount "57"]
[EventDate "2015.10.29"]
[EventType "tourn"]
[EventRounds "9"]
[EventCountry "CAN"]

1. e4 c5 2. c3 Nf6 3. e5 Nd5 4. Nf3 e6 5. d4 cxd4 6. cxd4 d6 7. Nc3 Nxc3 8.
bxc3 Qc7 9. Bd2 Nd7 10. Ng5 h6 11. exd6 Bxd6 12. Ne4 Bf4 13. Bxf4 Qxf4 14. Qd3
O-O 15. g3 Qc7 16. Bg2 Rb8 17. O-O b6 18. c4 Bb7 19. d5 Nc5 20. Nxc5 Qxc5 21.
dxe6 fxe6 22. Bxb7 Rxb7 23. Qe4 Re7 24. Rad1 Qf5 25. Qe2 Qf3 26. Qe5 Qf6 27.
Qe2 Qf3 28. Qe5 Qf6 29. Qe2 1/2-1/2

[Event "2015 Calgary Invitational"]
[Site "Calgary"]
[Date "2015.11.01"]
[Round "5"]
[White "Bakre, Tejas"]
[Black "Langer, Michael"]
[Result "1-0"]
[WhiteElo "2438"]
[BlackElo "2190"]
[PlyCount "41"]
[EventDate "2015.10.29"]
[EventType "tourn"]
[EventRounds "9"]
[EventCountry "CAN"]

1. Nf3 c5 2. c4 Nf6 3. Nc3 d5 4. cxd5 Nxd5 5. d4 cxd4 6. Qxd4 Nxc3 7. Qxc3 Nc6
8. e4 e6 9. a3 Bd7 10. Be2 Rc8 11. O-O Na5 12. Qd3 Be7 13. Be3 b6 14. Rfd1 Nc4
15. Qxd7+ Qxd7 16. Rxd7 Kxd7 17. Bxc4 Bd6 18. Bb5+ Ke7 19. Nd4 Rc7 20. Nc6+ Kf6
21. Rd1 1-0

[Event "2015 Calgary Invitational"]
[Site "Calgary"]
[Date "2015.11.01"]
[Round "5"]
[White "Findlay, Ian"]
[Black "Sevillano, Enrico"]
[Result "0-1"]
[WhiteElo "2293"]
[BlackElo "2463"]
[PlyCount "62"]
[EventDate "2015.10.29"]
[EventType "tourn"]
[EventRounds "9"]
[EventCountry "CAN"]

1. e4 c5 2. Nf3 Nc6 3. d4 cxd4 4. Nxd4 Nf6 5. Nc3 e5 6. Ndb5 d6 7. Bg5 a6 8.
Na3 b5 9. Nd5 Be7 10. Bxf6 Bxf6 11. c3 Ne7 12. Nxf6+ gxf6 13. Bd3 d5 14. Qe2
Bb7 15. O-O-O Qc7 16. Nc2 f5 17. f3 O-O-O 18. g3 fxe4 19. fxe4 f5 20. exf5 e4
21. Nd4 exd3 22. Rxd3 Qd6 23. Re1 Nc6 24. Ne6 Rd7 25. g4 Re8 26. Re3 b4 27.
cxb4 d4 28. Rd3 Nxb4 29. Rxd4 Qxd4 30. Nxd4 Rxe2 31. Nxe2 Nd3+ 0-1

[Event "2015 Calgary Invitational"]
[Site "Calgary"]
[Date "2015.11.01"]
[Round "5"]
[White "Ng, Gary"]
[Black "Kavutskiy, Kostya"]
[Result "1-0"]
[WhiteElo "2182"]
[BlackElo "2349"]
[PlyCount "57"]
[EventDate "2015.10.29"]
[EventType "tourn"]
[EventRounds "9"]
[EventCountry "CAN"]

1. Nf3 Nf6 2. c4 g6 3. b4 Bg7 4. Bb2 O-O 5. g3 a5 6. a3 axb4 7. axb4 Rxa1 8.
Bxa1 d5 9. cxd5 Qxd5 10. Bg2 Na6 11. Nc3 Qh5 12. Qb3 Bh3 13. O-O Bxg2 14. Kxg2
Rd8 15. d4 c6 16. e4 Nc7 17. Re1 Ne6 18. Na4 Qb5 19. Nc3 Qd3 20. Rd1 Qa6 21. b5
Qb6 22. Qa3 cxb5 23. Qxe7 Re8 24. Qb4 Nc7 25. d5 Bf8 26. d6 Na6 27. Qb2 Nb4 28.
Qxb4 Ng4 29. Qd4 1-0

[Event "2015 Calgary Invitational"]
[Site "Calgary"]
[Date "2015.11.01"]
[Round "5"]
[White "Shi, Diwen"]
[Black "Kazmaier, Daniel"]
[Result "1-0"]
[WhiteElo "2151"]
[BlackElo "2220"]
[PlyCount "81"]
[EventDate "2015.10.29"]
[EventType "tourn"]
[EventRounds "9"]
[EventCountry "CAN"]

1. e4 e6 2. d4 d5 3. Nc3 Nf6 4. e5 Nfd7 5. Nf3 c5 6. Bg5 Qb6 7. dxc5 Bxc5 8.
Qd2 Bxf2+ 9. Qxf2 Qxb2 10. Kd2 Qxa1 11. Bb5 Qxh1 12. Qc5 Qxg2+ 13. Kc1 Nc6 14.
Bxc6 Qxg5+ 15. Nxg5 bxc6 16. Qxc6 Rb8 17. Nxd5 O-O 18. Ne7+ Kh8 19. Nxc8 Nxe5
20. Qe4 f5 21. Qxe5 Rbxc8 22. Nxe6 Rf6 23. Nf4 Rcf8 24. h4 Kg8 25. Qd5+ Kh8 26.
h5 Re8 27. Qd7 Ref8 28. Ne6 Rxe6 29. Qxe6 f4 30. Qe7 Kg8 31. Qxa7 f3 32. Qf2 h6
33. a4 g5 34. hxg6 Kg7 35. a5 Kxg6 36. a6 Kg5 37. Qc5+ Rf5 38. Qf2 Kg4 39. a7
Rf8 40. Qd4+ Kh3 41. Qg7 1-0

[Event "2015 Calgary Invitational"]
[Site "Calgary"]
[Date "2015.11.01"]
[Round "6"]
[White "Haessel, Dale"]
[Black "Bakre, Tejas"]
[Result "1/2-1/2"]
[WhiteElo "2195"]
[BlackElo "2438"]
[PlyCount "83"]
[EventDate "2015.10.29"]
[EventType "tourn"]
[EventRounds "9"]
[EventCountry "CAN"]

1. d4 d5 2. c4 c6 3. Nf3 Nf6 4. e3 Bf5 5. Nc3 e6 6. Nh4 Bg6 7. Nxg6 hxg6 8. Bd2
Nbd7 9. g3 Bb4 10. Qe2 Bxc3 11. Bxc3 Ne4 12. Bg2 Nxc3 13. bxc3 Qa5 14. Rc1 Nb6
15. c5 Nc4 16. O-O O-O 17. e4 b6 18. cxb6 axb6 19. Rc2 Qb5 20. f4 Ra3 21. g4
Rfa8 22. Rf2 Qa5 23. Qf3 Nd6 24. f5 gxf5 25. exf5 exf5 26. Qf4 Rd8 27. gxf5
Rxc3 28. f6 Rxc2 29. Rxc2 Qe1+ 30. Bf1 Ne4 31. fxg7 Kxg7 32. Rxc6 Qd2 33. Qxd2
Nxd2 34. Bg2 Nc4 35. Rc7 Ne3 36. Bh3 Rd6 37. Kf2 Rh6 38. Bc8 Nc2 39. Bb7 Rxh2+
40. Kg3 Rd2 41. Bxd5 Rxd4 42. Rxf7+ 1/2-1/2

[Event "2015 Calgary Invitational"]
[Site "Calgary"]
[Date "2015.11.01"]
[Round "6"]
[White "Kavutskiy, Kostya"]
[Black "Sevillano, Enrico"]
[Result "1/2-1/2"]
[WhiteElo "2349"]
[BlackElo "2463"]
[PlyCount "82"]
[EventDate "2015.10.29"]
[EventType "tourn"]
[EventRounds "9"]
[EventCountry "CAN"]

1. d4 Nf6 2. c4 e6 3. Nc3 d5 4. cxd5 exd5 5. Bg5 c6 6. e3 Be7 7. Qc2 h6 8. Bh4
O-O 9. Bd3 Re8 10. Nge2 Nbd7 11. O-O Nh5 12. Bxe7 Qxe7 13. Rab1 Qh4 14. b4 a6
15. Na4 Qd8 16. Nc5 g6 17. a4 Ng7 18. b5 axb5 19. axb5 Nxc5 20. Qxc5 Qf6 21.
Ra1 Bf5 22. Bxf5 Nxf5 23. Qb6 Rab8 24. Nf4 Kg7 25. Rfc1 Nd6 26. bxc6 Nc4 27.
Qc7 bxc6 28. h3 Rec8 29. Qd7 Rd8 30. Qg4 Kf8 31. Rcb1 h5 32. Qg3 Rxb1+ 33. Rxb1
Qf5 34. Rb7 Ra8 35. Qh4 Ra1+ 36. Kh2 Nd2 37. Qe7+ Kg7 38. Ne6+ Qxe6 39. Qxe6
Nf1+ 40. Kg1 Ng3+ 41. Kh2 Nf1+ 1/2-1/2